000 00615nam a2200229Ia 4500
005 20250108124934.0
008 008 250107s9999 xx 000 0 eng d
020 _a978-83-8185-130-5
037 _aTB
040 _aCRL
_beng
_cCRL
041 _aeng
_2eng
084 _aO153,1NSIx R0
084 _qCRL
100 _aAhuja M. L. Au.
245 0 _aEminent Indians: economists and industrialists
_cAhuja M. L. Au.
260 _aNew Delhi, India
_bRupa
_c2745
300 _axv,118p.
365 _aINR
_b300
650 _aBIOGRAPHY
942 _cTB
_hO153,1NSIx R0
999 _c1235133
_d1235133